logo

Bir Sreshtho Munshi Abdur Rouf Library
Jhenaidah Cadet College

Regions of our country and our world / (Record no. 9976)

MARC details
000 -LEADER
fixed length control field 01198cam a2200349 a 4500
001 - CONTROL NUMBER
JCCL Control Number 9976
003 - CONTROL NUMBER IDENTIFIER
JCCL marc code BD-JhCC
005 - DATE AND TIME OF LATEST TRANSACTION
control field 20180403203244.0
008 - FIXED-LENGTH DATA ELEMENTS--GENERAL INFORMATION
fixed length control field 180403s1985 ilua j 001 0 eng
020 ## - INTERNATIONAL STANDARD BOOK NUMBER
International Standard Book Number 0673221083
035 ## - SYSTEM CONTROL NUMBER
system control number (BD-JhCC)9976
040 ## - CATALOGING SOURCE
Original cataloging agency DLC
Transcribing agency DLC
Modifying agency DLC
-- BD-JhCC
041 ## - LANGUAGE CODE
Language code of Book eng
050 00 - LIBRARY OF CONGRESS CALL NUMBER
Classification number E161.5
Item number .S37 1985
082 00 - DEWEY DECIMAL CLASSIFICATION NUMBER
Classification number 973
DDC Edition number 19
Author mark and Year SCH 1985
100 1# - MAIN ENTRY--PERSONAL NAME
Personal name Schreiber, Joan E.
245 10 - TITLE STATEMENT
Title Regions of our country and our world /
Statement of responsibility, etc authors of this edition, Joan Schreiber, Kathleen Kain.
250 ## - EDITION STATEMENT
Edition statement Indiana ed.
260 ## - PUBLICATION, DISTRIBUTION, ETC. (IMPRINT)
Place of publication, distribution, etc Glenview, Ill. :
Name of publisher, distributor, etc Scott, Foresman,
Date of publication, distribution, etc c1985.
300 ## - PHYSICAL DESCRIPTION
Pagination 384 p. :
Other physical details ill. (some col.) ;
Dimensions 27 cm.
440 #0 -
Title Scott, Foresman social studies
520 ## - SUMMARY, ETC.
Summary, etc A social studies textbook on the fourth grade level with an overview of the United States and selected regions of the world and with a special section on Indiana.
650 #0 - SUBJECT ADDED ENTRY--TOPICAL TERM
Topical term or geographic name as entry element Geography
General subdivision Juvenile literature.
650 #1 - SUBJECT ADDED ENTRY--TOPICAL TERM
Topical term or geographic name as entry element Geography.
651 #0 - SUBJECT ADDED ENTRY--GEOGRAPHIC NAME
Geographic name United States
General subdivision Geography
-- Juvenile literature.
651 #0 - SUBJECT ADDED ENTRY--GEOGRAPHIC NAME
Geographic name Indiana
General subdivision Geography
-- Juvenile literature.
651 #1 - SUBJECT ADDED ENTRY--GEOGRAPHIC NAME
Geographic name United States.
651 #1 - SUBJECT ADDED ENTRY--GEOGRAPHIC NAME
Geographic name Indiana.
700 1# - ADDED ENTRY--PERSONAL NAME
Personal name Kain, Kathleen.
942 ## - ADDED ENTRY ELEMENTS (KOHA)
Source of classification or shelving scheme Dewey Decimal Classification
Koha item type Books
Holdings
Source of classification or shelving scheme Damaged status Not for loan Home library Current library Shelving location Date of accession Total Checkouts Full call number Barcode Date last seen Copy number Koha item type
Dewey Decimal Classification     JCC Rouf Library JCC Rouf Library General Stacks 04/03/2018   973 SCH 1985 13433 04/03/2018 C-1 Books

JCC Library | Contacts | JCC Home

Last Update on 23 September 2017
Copyright @ 2017-2020 JCC Rouf Library
Rouf Library, Jhenidah Cadet College (JCC), Bangladesh